Cities in North America- Sudden Death - Statistics

General Stats
  • This quiz has been taken 63 times
    57 since last reset
  • The average score is 23 of 32
Answers on the Grid
Answers color-coded by a green-red scale on the quiz's grid according to % correct below.
Kingston
Havana
Belmopan
Managua
San Juan
Oranjestad
Nassau
Port au Prince
Guadalajara
Ecatepec de Morelos
Ciudad Juárez
Santo Domingo
Montreal
Toronto
Vancouver
Iqaluit
Halifax
Nuuk
Cancun
Cincinnati
Minneapolis
El Paso
Columbus
New Orleans
Sacramento
Tucson
San Antonio
Atlanta
Monterrey
Ottawa
Tegucigalpa
Willemstad
Oslo
Copenhagen
Buenos Aires
Rio de Janeiro
São Paulo
Rotterdam
Amsterdam
Helsinki
Caracas
Edinburgh
Barcelona
Asunción
Bogotá
Cairo
Antwerp
Lisbon
Hanoi
Pisa
Lagos
Cape Town
Colombo
Manila
Port Moresby
 
Answer Stats
Answer % Correct
Canada Ottawa
86%
Canada Toronto
86%
USA Minneapolis
84%
Canada Montreal
82%
USA Sacramento
82%
USA San Antonio
82%
USA El Paso
80%
Canada Vancouver
80%
USA Atlanta
78%
USA Columbus
78%
Cuba Havana
78%
USA New Orleans
78%
USA Cincinnati
76%
Canada Halifax
76%
Jamaica Kingston
76%
Haiti Port au Prince
76%
Puerto Rico (USA) San Juan
76%
Dominican Republic Santo Domingo
76%
Bahamas Nassau
73%
Mexico Guadalajara
71%
USA Tucson
71%
Mexico Monterrey
69%
Mexico Cancun
67%
Honduras Tegucigalpa
67%
Mexico Ciudad Juárez
63%
Belize Belmopan
57%
Nicaragua Managua
57%
Greenland (Denmark) Nuuk
57%
Mexico Ecatepec de Morelos
53%
Canada Iqaluit
51%
Aruba (Netherlands) Oranjestad
41%
Curaçao (Netherlands) Willemstad
41%
No matching quizzes found
Score Distribution
Percent of People with Each Score
Percentile by Number Answered
Your Score History
You have not taken this quiz since the last reset